008160000a2200217000450024500770000065000150007765000260009265000300011865100610014865100120020965300450022165300530026665300370031965300380035665300410039404100140043570000280044970000260047710000250050377300700052810aNuevos taxones de Rubiaceae de la costa pacífica de Colombia y Ecuador14aBotánica14aSistemática vegetal14aInventarios florísticos 4lRío Escalerete, Bajo CalimadValle del CaucapColombia 4pEcuador fRubiaceaegCoussareaeCoussarea loftonii fRubiaceaegCoussareaeCoussarea sancti-ciprianii fRubiaceaegDuroiaeDuroia laevis fRubiaceaegFarameaeFaramea ampla fRubiaceaegFarameaeFaramea calimana0 aEspañol1 aCogollo Pacheco, Alvaro1 aDevia Alvarez, Wilson1 aTaylor, Charlotte M.1 tNovon: a Journal for Botanical Nomenclature356h9q431-440d1999